| 000 | 00485nam a22001817a 4500 | ||
|---|---|---|---|
| 005 | 20240731104445.0 | ||
| 008 | 240731b |||||||| |||| 00| 0 eng d | ||
| 020 | _a9971-51-383-8 | ||
| 082 |
_a330.1 _bMAD-I |
||
| 100 | _aMaddala, G.S. | ||
| 245 |
_aIntroduction to Economics/ _cG.S. Maddala |
||
| 250 | _a3rd ed. | ||
| 260 |
_aSingapore; _bJohn Wiley & Sons; _c2005. |
||
| 300 |
_axvi, 636 p.: _bill; _c22.5 cm. |
||
| 500 | _aInclude index. | ||
| 650 | _aEconomics | ||
| 999 |
_c36244 _d36244 |
||